[Event "CHI-ch"]
[Site "Santiago de Chile"]
[Date "2023.02.17"]
[Round "8"]
[White "Hernandez Riera, Jose de Jesus"]
[Black "Sepulveda Rojas, Jorge Moises"]
[Result "1-0"]
[WhiteElo "2187"]
[BlackElo "2221"]
[PlyCount "71"]
[EventDate "2023.02.11"]
[EventType "tourn"]
[EventRounds "11"]
[EventCountry "CHI"]
[SourceTitle "CBM 212 Extra"]
[Source "ChessBase"]
[SourceDate "2023.03.31"]
[SourceVersion "1"]
[SourceVersionDate "2023.03.31"]
[SourceQuality "1"]

1. d4 b6 2. Nf3 Bb7 3. Nbd2 f5 4. e3 Nf6 5. Bd3 e6 6. c4 Bd6 7. Qc2 0-0 8. 0-0 Nc6 9. a3 Qe8 10. c5 Be7 11. b4 Qh5 12. Bb2 a6 13. Rfe1 g5 14. Nf1 g4 15. N3d2 b5 16. e4 f4 17. Qc3 d6 18. Qb3 Bc8 19. cxd6 cxd6 20. Rac1 Bd7 21. d5 Nd8 22. e5 Nxd5 23. Be4 Ra7 24. Bxd5 exd5 25. exd6 Bxd6 26. Qc3 Qg6 27. Qd4 Rc7 28. Qxd5+ Rf7 29. Rxc7 Bxc7 30. Ne4 Bc6 31. Nf6+ Kf8 32. Qc5+ Kg7 33. Ne8+ Kh6 34. Nxc7 Rxc7 35. Qf8+ Kh5 36. Re5+ 1-0

[Event "CHI-ch"]
[Site "Santiago de Chile"]
[Date "2023.02.16"]
[Round "7"]
[White "Valdes Escobar, Alvaro Daniel"]
[Black "Hernandez Riera, Jose de Jesus"]
[Result "1-0"]
[WhiteElo "2347"]
[BlackElo "2187"]
[PlyCount "105"]
[EventDate "2023.02.11"]
[EventType "tourn"]
[EventRounds "11"]
[EventCountry "CHI"]
[SourceTitle "CBM 212 Extra"]
[Source "ChessBase"]
[SourceDate "2023.03.31"]
[SourceVersion "1"]
[SourceVersionDate "2023.03.31"]
[SourceQuality "1"]

1. d4 d5 2. c4 e6 3. Nf3 c5 4. cxd5 exd5 5. g3 Nc6 6. Bg2 Nf6 7. 0-0 Be7 8. dxc5 Bxc5 9. Nc3 0-0 10. Na4 Be7 11. Be3 Re8 12. Rc1 Ne4 13. Nd4 Bd7 14. Nc3 Nxc3 15. Rxc3 Bf6 16. Re1 Bg4 17. Nxc6 bxc6 18. Rxc6 d4 19. Rxf6 dxe3 20. Qxd8 Raxd8 21. Rf4 Be6 22. b3 Rd2 23. Ra4 Re7 24. fxe3 h5 25. Bf3 g6 26. Rc1 Red7 27. Rc8+ Kg7 28. Ra8 Bh3 29. Kf2 Rd1 30. e4 Rc7 31. Rc4 Re7 32. Ke3 Kh6 33. Rc5 f6 34. Rb8 g5 35. Rh8+ Kg7 36. Rxh5 g4 37. Rh4 gxf3 38. Rxh3 fxe2 39. Kxe2 Ra1 40. Ra5 Rxe4+ 41. Kf3 Rae1 42. Rxa7+ Kg6 43. Rh8 R4e3+ 44. Kg4 f5+ 45. Kh3 f4 46. Rg8+ Kh6 47. Rh8+ Kg6 48. Rg8+ Kh6 49. Rf7 f3 50. Rgf8 Rf1 51. Rf4 Rf2 52. Kg4 Rxh2 53. Rh8+ 1-0

[Event "CHI-ch"]
[Site "Santiago de Chile"]
[Date "2023.02.11"]
[Round "1"]
[White "Gomez Barrera, Javiera Belen"]
[Black "Hernandez Riera, Jose de Jesus"]
[Result "1-0"]
[WhiteElo "2194"]
[BlackElo "2187"]
[PlyCount "73"]
[EventDate "2023.02.11"]
[EventType "tourn"]
[EventRounds "11"]
[EventCountry "CHI"]
[SourceTitle "CBM 212 Extra"]
[Source "ChessBase"]
[SourceDate "2023.03.31"]
[SourceVersion "1"]
[SourceVersionDate "2023.03.31"]
[SourceQuality "1"]

1. e4 c6 2. d4 d5 3. e5 Bf5 4. c4 e6 5. Nc3 Ne7 6. h3 h6 7. Nf3 Nd7 8. b3 Bh7 9. Bd3 Bxd3 10. Qxd3 Qa5 11. 0-0 Qa6 12. a4 Ng6 13. Rd1 Bb4 14. Bd2 0-0 15. h4 Ne7 16. a5 Bxc3 17. Bxc3 c5 18. Qe2 Rfd8 19. Ra2 Rac8 20. dxc5 Nxc5 21. Bb4 Re8 22. Nd4 dxc4 23. bxc4 Ng6 24. Nb5 Rc6 25. Rd6 Rec8 26. Bxc5 Rxd6 27. Bxd6 Nxh4 28. Qe4 Nf5 29. Ra3 g6 30. Qd3 Rd8 31. c5 Rc8 32. Qc4 Rd8 33. Ra4 g5 34. Nd4 b5 35. axb6 Qb7 36. Nxf5 exf5 37. Rxa7 1-0

[Event "CHI-ch sf"]
[Site "Quilpue"]
[Date "2022.02.05"]
[Round "3"]
[White "Hernandez Riera, Jose de Jesus"]
[Black "Aguirre Adaros, Joaquin Antonio"]
[Result "0-1"]
[WhiteElo "2195"]
[BlackElo "1885"]
[PlyCount "85"]
[EventDate "2022.02.04"]
[EventType "swiss"]
[EventRounds "8"]
[EventCountry "CHI"]
[SourceTitle "CBM 206 Extra"]
[Source "ChessBase"]
[SourceDate "2022.03.31"]
[SourceVersion "1"]
[SourceVersionDate "2022.03.31"]
[SourceQuality "1"]

1. c4 c6 2. Nf3 d5 3. d4 Nf6 4. Nbd2 g6 5. e3 Bg7 6. Bd3 0-0 7. 0-0 Bg4 8. h3 Bxf3 9. Nxf3 e6 10. b4 Nbd7 11. Rb1 a6 12. a4 Re8 13. Bb2 Nb6 14. Nd2 Nfd7 15. c5 Nc8 16. f4 f6 17. e4 dxe4 18. Nxe4 f5 19. Ng5 Nf6 20. Re1 Qd7 21. Qd2 Nd5 22. Re2 h6 23. Nf3 Nce7 24. Rbe1 Nc7 25. Bc4 Ned5 26. Ne5 Bxe5 27. Rxe5 Kh7 28. Kh1 Rad8 29. Bd3 Qe7 30. b5 axb5 31. axb5 Nxb5 32. Bxb5 cxb5 33. Rxe6 Qf7 34. R6e5 b4 35. Qc1 Qd7 36. Qc4 Nxf4 37. d5 g5 38. d6 Rxe5 39. Rxe5 Re8 40. Rxe8 Qxe8 41. Qd4 Kg6 42. d7 Qe2 43. Qg7+ 0-1

[Event "CHI-ch sf"]
[Site "Quilpue"]
[Date "2022.02.04"]
[Round "2"]
[White "Hernandez Riera, Jose de Jesus"]
[Black "Cosoi Scherzer, Alejandro"]
[Result "1/2-1/2"]
[WhiteElo "2195"]
[BlackElo "1941"]
[PlyCount "92"]
[EventDate "2022.02.04"]
[EventType "swiss"]
[EventRounds "8"]
[EventCountry "CHI"]
[SourceTitle "CBM 206 Extra"]
[Source "ChessBase"]
[SourceDate "2022.03.31"]
[SourceVersion "1"]
[SourceVersionDate "2022.03.31"]
[SourceQuality "1"]

1. d4 Nf6 2. Nf3 e6 3. g3 b6 4. Bg2 Bb7 5. 0-0 Be7 6. c4 0-0 7. Nc3 Ne4 8. Qc2 Nxc3 9. Qxc3 c5 10. Rd1 d6 11. Be3 Qc7 12. Rac1 Nd7 13. dxc5 bxc5 14. Ne1 Bxg2 15. Nxg2 Rfd8 16. Bf4 Rab8 17. Rc2 Nf6 18. f3 Rd7 19. e4 Qb6 20. Rcd2 Rbd8 21. e5 dxe5 22. Bxe5 Rxd2 23. Rxd2 Rxd2 24. Qxd2 Qc6 25. Kf2 Nd7 26. Bc3 h6 27. Nf4 Bf6 28. b3 Bxc3 29. Qxc3 Qd6 30. Qd3 Qxd3 31. Nxd3 a5 32. Ke3 Kf8 33. g4 Ke7 34. h4 g6 35. f4 Kd6 36. g5 h5 37. Ke4 f5+ 38. gxf6 Nxf6+ 39. Kf3 Ng4 40. a3 e5 41. b4 cxb4 42. axb4 axb4 43. Nxb4 exf4 44. Kxf4 Nh6 45. Nd3 Nf5 46. Kg5 Kc6 1/2-1/2

[Event "CHI-ch sf"]
[Site "Quilpue"]
[Date "2020.01.31"]
[Round "4"]
[White "Hernandez Riera, Jose de Jesus"]
[Black "Valdes Escobar, Alvaro Daniel"]
[Result "0-1"]
[WhiteElo "2227"]
[BlackElo "2358"]
[PlyCount "102"]
[EventDate "2020.01.30"]
[EventType "swiss"]
[EventRounds "8"]
[EventCountry "CHI"]
[SourceTitle "CBM 194 Extra"]
[Source "ChessBase"]
[SourceDate "2020.03.31"]
[SourceVersion "1"]
[SourceVersionDate "2020.03.31"]
[SourceQuality "1"]

1. Nf3 Nf6 2. d4 g6 3. g3 Bg7 4. Bg2 0-0 5. 0-0 d6 6. b3 c6 7. Bb2 Qa5 8. Qd2 Qh5 9. Qg5 Qxg5 10. Nxg5 Na6 11. Nd2 h6 12. Ngf3 c5 13. c4 Bd7 14. Ne1 Rab8 15. Nd3 cxd4 16. Bxd4 b6 17. Rfd1 Nc5 18. Rac1 Ne6 19. Bb2 Rfc8 20. h3 Nc5 21. Nf1 Nxd3 22. Rxd3 Bc6 23. Ne3 Bxg2 24. Kxg2 Rb7 25. Bxf6 Bxf6 26. Nd5 Bg7 27. Rcd1 f5 28. e4 Kf7 29. h4 b5 30. exf5 gxf5 31. Ne3 bxc4 32. Nxc4 Rc5 33. f4 Bf6 34. Kf3 Kg6 35. R1d2 a5 36. a4 d5 37. Ne5+ Bxe5 38. fxe5 e6 39. g4 fxg4+ 40. Kxg4 Rb4+ 41. Kg3 Kf5 42. Rf3+ Kxe5 43. Re2+ Re4 44. Rd2 Rc8 45. Kh3 d4 46. Rdd3 Rc1 47. Kg3 Rg1+ 48. Kh2 Ree1 49. Rh3 Ke4 50. h5 e5 51. Rd2 Ref1 0-1

[Event "CHI-ch sf"]
[Site "Quilpue"]
[Date "2020.01.31"]
[Round "3"]
[White "Jorquera Cabello, Valentina Paz"]
[Black "Hernandez Riera, Jose de Jesus"]
[Result "0-1"]
[WhiteElo "2007"]
[BlackElo "2227"]
[PlyCount "138"]
[EventDate "2020.01.30"]
[EventType "swiss"]
[EventRounds "8"]
[EventCountry "CHI"]
[SourceTitle "CBM 194 Extra"]
[Source "ChessBase"]
[SourceDate "2020.03.31"]
[SourceVersion "1"]
[SourceVersionDate "2020.03.31"]
[SourceQuality "1"]

1. e4 c6 2. d4 d5 3. exd5 cxd5 4. Nf3 Nf6 5. Bd3 g6 6. 0-0 Bg7 7. Re1 0-0 8. h3 Nc6 9. c3 Qc7 10. Bg5 Re8 11. Nbd2 Bd7 12. Ne5 Nxe5 13. dxe5 Ne4 14. Nxe4 dxe4 15. Rxe4 Bc6 16. Re1 Bxe5 17. Qe2 Bh2+ 18. Kh1 Bd6 19. b4 Rac8 20. Rac1 Qd7 21. Kg1 b6 22. a3 Bb8 23. Bh4 Rcd8 24. Be4 Bd6 25. c4 Rc8 26. Qe3 Bxe4 27. Qxe4 Qf5 28. Rc3 Rc7 29. Bg3 Qxe4 30. Rxe4 Bxg3 31. Rxg3 Rd8 32. Rc3 Rd1+ 33. Kh2 f5 34. Re2 Kf7 35. Kg3 Kf6 36. f4 Rd4 37. Rec2 h6 38. a4 g5 39. fxg5+ hxg5 40. Kf2 e5 41. c5 Rxb4 42. cxb6 Rxc3 43. Rxc3 Rxb6 44. a5 Rd6 45. Rc7 Ra6 46. Rc5 f4 47. Kf3 Kf5 48. g4+ fxg3 49. Kxg3 Rd6 50. Rc7 a6 51. Ra7 Rc6 52. Ra8 Rd6 53. Ra7 Ke4 54. Kg4 Kd3 55. Re7 e4 56. Kxg5 e3 57. h4 e2 58. h5 Kd2 59. h6 e1Q 60. Rxe1 Kxe1 61. h7 Rd8 62. Kf6 Kd2 63. Kg7 Kc3 64. h8Q Rxh8 65. Kxh8 Kb4 66. Kg7 Kxa5 67. Kf6 Kb4 68. Ke5 a5 69. Kd4 a4 0-1

[Event "CHI-ch sf"]
[Site "Talca"]
[Date "2020.01.17"]
[Round "6"]
[White "Hernandez Riera, Jose de Jesus"]
[Black "Navarrete Sandoval, Francisco Javier"]
[Result "1/2-1/2"]
[WhiteElo "2227"]
[BlackElo "2088"]
[PlyCount "147"]
[EventDate "2020.01.15"]
[EventType "swiss"]
[EventRounds "9"]
[EventCountry "CHI"]
[SourceTitle "CBM 194 Extra"]
[Source "ChessBase"]
[SourceDate "2020.03.31"]
[SourceVersion "1"]
[SourceVersionDate "2020.03.31"]
[SourceQuality "1"]

1. Nf3 d5 2. d4 Nf6 3. c4 e6 4. e3 c5 5. Nc3 Nc6 6. a3 a6 7. dxc5 Bxc5 8. b4 Ba7 9. Bb2 0-0 10. cxd5 exd5 11. Be2 Re8 12. 0-0 Bg4 13. Nd4 Bxe2 14. Ncxe2 Ne5 15. Nf5 Qd7 16. Neg3 h5 17. Rc1 g6 18. Nh4 Rad8 19. Nf3 Bb8 20. Rc2 Nxf3+ 21. Qxf3 Ng4 22. Rd1 Be5 23. Bxe5 Nxe5 24. Qf6 Qa4 25. Rdc1 Qxa3 26. Rc7 Rd7 27. Rc8 Rdd8 28. R8c7 Rd7 29. Rc8 Rdd8 30. Rxd8 Qxc1+ 31. Nf1 Rxd8 32. Qxd8+ Kg7 33. Qxd5 Qb2 34. Qxb7 Nd3 35. Qf3 Qxb4 36. Qd1 Qc3 37. g3 a5 38. Kg2 Nb2 39. Qd5 Nc4 40. Qd7 Ne5 41. Qd1 Qc6+ 42. f3 Qc3 43. f4 Nc4 44. Kf3 Nb2 45. Qd5 a4 46. Nd2 Nd1 47. Nc4 Qe1 48. Qe5+ Kh7 49. Ke4 Nf2+ 50. Kd5 Ng4 51. Qe7 Qd1+ 52. Kc5 Kg7 53. Qa7 Qc1 54. Kb4 a3 55. Nxa3 Qxe3 56. Qxe3 Nxe3 57. h3 Nf1 58. g4 hxg4 59. hxg4 Ne3 60. Kc5 Nxg4 61. Kd5 Kf6 62. Ke4 Ke6 63. Nb5 Nf6+ 64. Ke3 Kd5 65. Nc3+ Kc4 66. Ne2 Nh5 67. Ke4 Kb3 68. f5 g5 69. f6 Nxf6+ 70. Kf5 Nh7 71. Nd4+ Kc4 72. Nf3 f6 73. Nh2 Kd5 74. Ng4 1/2-1/2

[Event "CHI-ch sf"]
[Site "Talca"]
[Date "2020.01.17"]
[Round "5"]
[White "Vergara Rozas, Jose Francisco"]
[Black "Hernandez Riera, Jose de Jesus"]
[Result "1-0"]
[WhiteElo "2075"]
[BlackElo "2227"]
[PlyCount "83"]
[EventDate "2020.01.15"]
[EventType "swiss"]
[EventRounds "9"]
[EventCountry "CHI"]
[SourceTitle "CBM 194 Extra"]
[Source "ChessBase"]
[SourceDate "2020.03.31"]
[SourceVersion "1"]
[SourceVersionDate "2020.03.31"]
[SourceQuality "1"]

1. e4 c6 2. d4 d5 3. Nc3 dxe4 4. Nxe4 Nf6 5. Ng5 h6 6. N5f3 Bf5 7. Bc4 e6 8. Ne5 Nbd7 9. Ngf3 Bd6 10. Bf4 Qc7 11. Qe2 0-0-0 12. Bg3 Nb6 13. Bb3 Ne4 14. 0-0 Nxg3 15. fxg3 Kb8 16. a4 f6 17. g4 Bh7 18. Nd3 Bxd3 19. Qxd3 e5 20. a5 Nd7 21. a6 b6 22. Kh1 h5 23. g5 h4 24. h3 Be7 25. Qe4 Rhe8 26. Bf7 Rf8 27. g6 f5 28. Qxf5 Bf6 29. c3 exd4 30. cxd4 Qd6 31. Rac1 Rc8 32. Rfe1 Bd8 33. Re6 Qd5 34. Rexc6 Rxc6 35. Qxd5 Rxc1+ 36. Kh2 Rc7 37. Qd6 Rh8 38. Be6 Bf6 39. Bxd7 Rd8 40. Ne5 Bxe5+ 41. Qxe5 Rdxd7 42. Qe8+ 1-0

[Event "CHI-ch sf"]
[Site "Talca"]
[Date "2020.01.16"]
[Round "4"]
[White "Hernandez Riera, Jose de Jesus"]
[Black "Vergara Castillo, Boris"]
[Result "1-0"]
[WhiteElo "2227"]
[BlackElo "1878"]
[PlyCount "65"]
[EventDate "2020.01.15"]
[EventType "swiss"]
[EventRounds "9"]
[EventCountry "CHI"]
[SourceTitle "CBM 194 Extra"]
[Source "ChessBase"]
[SourceDate "2020.03.31"]
[SourceVersion "1"]
[SourceVersionDate "2020.03.31"]
[SourceQuality "1"]

1. d4 d5 2. c4 e5 3. e3 e4 4. cxd5 Qxd5 5. Nc3 Bb4 6. Bd2 Bxc3 7. bxc3 Nc6 8. Ne2 Nf6 9. Nf4 Qd6 10. Be2 0-0 11. 0-0 Re8 12. c4 b6 13. Rc1 Bb7 14. Qb3 Nd8 15. c5 Qd7 16. Rfd1 c6 17. cxb6 axb6 18. a4 Ne6 19. Nxe6 Rxe6 20. Qxb6 Rxa4 21. Ra1 Rxa1 22. Rxa1 Nd5 23. Qb3 Re7 24. Ra7 Qc8 25. Bb4 Nxb4 26. Qxb4 c5 27. dxc5 Rc7 28. h3 g6 29. Qb6 Rxc5 30. Rxb7 Rc1+ 31. Kh2 Kg7 32. Qb2+ Kh6 33. Rxf7 1-0

[Event "CHI-ch"]
[Site "Santiago de Chile"]
[Date "2017.02.21"]
[Round "3"]
[White "Hernandez Riera, Jose de Jesus"]
[Black "Valenzuela Gomez, Fernando Alberto"]
[Result "0-1"]
[WhiteElo "2204"]
[BlackElo "2359"]
[PlyCount "92"]
[EventDate "2017.02.20"]
[EventType "tourn"]
[EventRounds "11"]
[EventCountry "CHI"]
[EventCategory "3"]
[SourceTitle "CBM 177 Extra"]
[Source "ChessBase"]
[SourceDate "2017.04.27"]
[SourceVersion "1"]
[SourceVersionDate "2017.04.27"]
[SourceQuality "1"]

1. d4 Nf6 2. c4 g6 3. Nc3 d5 4. Nf3 Bg7 5. g3 dxc4 6. Bg2 c6 7. Ne5 Ng4 8. Nxg4 Bxg4 9. Be3 Be6 10. 0-0 0-0 11. Qd2 Qc8 12. Bh6 Rd8 13. Bxg7 Kxg7 14. Rfd1 Nd7 15. Qf4 Nf6 16. e4 Qb8 17. Qe3 Qc7 18. Rd2 a6 19. Re1 Re8 20. h3 Rad8 21. f4 b5 22. g4 Bc8 23. e5 Nd5 24. Nxd5 cxd5 25. f5 gxf5 26. Rf2 f4 27. Qxf4 Be6 28. Ref1 Rg8 29. g5 Kh8 30. Kh2 Rg7 31. Bf3 Rdg8 32. Rg2 c3 33. bxc3 Qxc3 34. Rc1 Qa5 35. Rc5 Qd8 36. h4 h6 37. Bd1 hxg5 38. Rxg5 Rxg5 39. hxg5 Kg7 40. Rc2 Rh8+ 41. Kg1 Rh3 42. Rh2 Qh8 43. Rxh3 Qxh3 44. Bf3 Qh7 45. Qd2 Qf5 46. a3 Qxf3 0-1

[Event "American Continental 10th"]
[Site "Praia da Pipa"]
[Date "2014.10.19"]
[Round "2"]
[White "Hernandez Riera, Jose de Jesus"]
[Black "Ortiz Suarez, Isan Reynaldo"]
[Result "0-1"]
[WhiteElo "2203"]
[BlackElo "2611"]
[PlyCount "62"]
[EventDate "2014.10.18"]
[EventType "swiss"]
[EventRounds "11"]
[EventCountry "BRA"]
[SourceTitle "EXT 2015"]
[Source "ChessBase"]
[SourceDate "2014.11.20"]
[SourceVersion "1"]
[SourceVersionDate "2014.11.20"]
[SourceQuality "1"]

1. d4 Nf6 2. c4 e6 3. Nf3 c5 4. d5 exd5 5. cxd5 d6 6. Nc3 g6 7. Bf4 a6 8. a4 Bg7 9. e3 0-0 10. Be2 Nh5 11. Bg3 Nxg3 12. hxg3 Nd7 13. 0-0 Rb8 14. Nd2 f5 15. Nc4 Ne5 16. Rb1 Nxc4 17. Bxc4 Qa5 18. b4 cxb4 19. Ne2 Bd7 20. Nf4 Bxa4 21. Qd3 b5 22. Ba2 Rfc8 23. Rbc1 Rc3 24. Rxc3 bxc3 25. Ne6 Bf6 26. g4 c2 27. Nd4 Bxd4 28. exd4 Qc7 29. Qe3 fxg4 30. Re1 Rc8 31. Rc1 Qf7 0-1

[Event "American Continental 10th"]
[Site "Praia da Pipa"]
[Date "2014.10.18"]
[Round "1"]
[White "Reis, Virginia Lagrange M"]
[Black "Hernandez Riera, Jose de Jesus"]
[Result "0-1"]
[WhiteElo "1852"]
[BlackElo "2203"]
[PlyCount "58"]
[EventDate "2014.10.18"]
[EventType "swiss"]
[EventRounds "11"]
[EventCountry "BRA"]
[SourceTitle "EXT 2015"]
[Source "ChessBase"]
[SourceDate "2014.11.20"]
[SourceVersion "1"]
[SourceVersionDate "2014.11.20"]
[SourceQuality "1"]

1. e4 d5 2. exd5 Qxd5 3. Nc3 Qa5 4. d4 Nf6 5. h3 Bf5 6. Bd2 Qb6 7. Nf3 e6 8. Bc4 c6 9. Bb3 Nbd7 10. a3 Bd6 11. Qe2 0-0-0 12. Ne5 Bxe5 13. dxe5 Nd5 14. Nxd5 exd5 15. 0-0-0 Nc5 16. Ba2 Na4 17. b3 Qd4 18. Bb4 Qb2+ 19. Kd2 Bxc2 20. bxa4 Bxd1+ 21. Kxd1 Qa1+ 22. Kd2 Qxa2+ 23. Ke1 Qxe2+ 24. Kxe2 Rhe8 25. f4 f6 26. Bc5 b6 27. Bd4 c5 28. Ba1 Kb7 29. Bb2 d4 0-1

[Event "CHI-ch"]
[Site "Iquique"]
[Date "2013.02.21"]
[Round "10"]
[White "Hernandez Riera, Jose de Jesus"]
[Black "Perez Gormaz, Matias Ariel"]
[Result "1/2-1/2"]
[WhiteElo "2223"]
[BlackElo "2317"]
[PlyCount "41"]
[EventDate "2013.02.14"]
[EventType "tourn"]
[EventRounds "11"]
[EventCountry "CHI"]
[EventCategory "2"]
[SourceTitle "CBM 153 Extra"]
[Source "ChessBase"]
[SourceDate "2013.04.22"]
[SourceVersion "1"]
[SourceVersionDate "2013.04.22"]
[SourceQuality "1"]

1. Nf3 Nf6 2. g3 g6 3. b3 Bg7 4. Bb2 0-0 5. Bg2 d5 6. c4 dxc4 7. bxc4 c5 8. 0-0 Nc6 9. d3 Bf5 10. Nbd2 Qd7 11. Nb3 Qd6 12. e4 Bg4 13. e5 Bxf3 14. Qxf3 Nxe5 15. Bxe5 Qxe5 16. Qxb7 Qd6 17. Rad1 Nd7 18. Rfe1 Bc3 19. Re2 Bf6 20. Ree1 Bc3 21. Bf1 1/2-1/2

[Event "CHI-ch"]
[Site "Iquique"]
[Date "2013.02.18"]
[Round "7"]
[White "Hernandez Riera, Jose de Jesus"]
[Black "Abarca Gonzalez, Nicolas"]
[Result "1/2-1/2"]
[WhiteElo "2223"]
[BlackElo "2228"]
[PlyCount "103"]
[EventDate "2013.02.14"]
[EventType "tourn"]
[EventRounds "11"]
[EventCountry "CHI"]
[EventCategory "2"]
[SourceTitle "CBM 153 Extra"]
[Source "ChessBase"]
[SourceDate "2013.04.22"]
[SourceVersion "1"]
[SourceVersionDate "2013.04.22"]
[SourceQuality "1"]

1. Nf3 b5 2. g3 Bb7 3. Bg2 Nf6 4. 0-0 e6 5. b3 Be7 6. Bb2 0-0 7. c4 b4 8. d4 d5 9. Nbd2 Nbd7 10. Rc1 c5 11. cxd5 exd5 12. dxc5 Bxc5 13. Nd4 Re8 14. N2f3 Qa5 15. Qc2 Rac8 16. Qb1 Bf8 17. Nd2 Nc5 18. Qa1 Qa6 19. Rfd1 Nfe4 20. Nxe4 Nxe4 21. Bh3 Rcd8 22. Rc2 Qb6 23. Qc1 Bd6 24. e3 Be5 25. Ba1 Qa6 26. Bf1 Qa5 27. f3 Nd6 28. Qd2 Bf6 29. a3 Bg5 30. f4 Ne4 31. Qxb4 Qxb4 32. axb4 Bf6 33. Bb5 Re7 34. Nc6 Bxc6 35. Bxc6 Bxa1 36. Rxa1 Nf6 37. Rca2 Rxe3 38. Rxa7 Rxb3 39. b5 d4 40. Ra8 Rf8 41. Kg2 g6 42. R1a3 Rb2+ 43. Kf3 h5 44. h3 Kg7 45. Rxf8 Kxf8 46. Rd3 Rb4 47. g4 hxg4+ 48. hxg4 Ke7 49. g5 Nd7 50. Bxd7 Kxd7 51. Ke4 Rxb5 52. Rxd4+ 1/2-1/2

[Event "CHI-ch"]
[Site "Iquique"]
[Date "2013.02.16"]
[Round "4"]
[White "Mesias Rojas, Rabindranath"]
[Black "Hernandez Riera, Jose de Jesus"]
[Result "1/2-1/2"]
[WhiteElo "2209"]
[BlackElo "2223"]
[PlyCount "79"]
[EventDate "2013.02.14"]
[EventType "tourn"]
[EventRounds "11"]
[EventCountry "CHI"]
[EventCategory "2"]
[SourceTitle "CBM 153 Extra"]
[Source "ChessBase"]
[SourceDate "2013.04.22"]
[SourceVersion "1"]
[SourceVersionDate "2013.04.22"]
[SourceQuality "1"]

1. f4 d5 2. Nf3 c5 3. g3 Nf6 4. Bg2 g6 5. 0-0 Bg7 6. d3 0-0 7. Nc3 d4 8. Ne4 Nbd7 9. c4 Qb6 10. Nxf6+ exf6 11. Rb1 Qd6 12. a3 a5 13. b4 axb4 14. axb4 Re8 15. Re1 f5 16. Bd2 Qe7 17. Kh1 Ra7 18. e3 Qd8 19. exd4 cxd4 20. Rxe8+ Qxe8 21. Ra1 Rxa1 22. Qxa1 Nf6 23. Ne5 Ng4 24. Nxg4 fxg4 25. Qe1 Qd8 26. c5 h5 27. b5 Kh7 28. c6 bxc6 29. bxc6 Bf5 30. Be4 Be6 31. Qc1 f5 32. c7 Qc8 33. Bg2 Qa6 34. Qc2 Qa1+ 35. Qc1 Qa6 36. Qc2 Qa1+ 37. Qc1 Qa6 38. Qc2 Bf8 39. Kg1 Bd6 40. Be1 1/2-1/2

[Event "CHI-ch"]
[Site "Iquique"]
[Date "2013.02.15"]
[Round "2"]
[White "Salinas Herrera, Pablo Patricio"]
[Black "Hernandez Riera, Jose de Jesus"]
[Result "1-0"]
[WhiteElo "2386"]
[BlackElo "2223"]
[PlyCount "73"]
[EventDate "2013.02.14"]
[EventType "tourn"]
[EventRounds "11"]
[EventCountry "CHI"]
[EventCategory "2"]
[SourceTitle "CBM 153 Extra"]
[Source "ChessBase"]
[SourceDate "2013.04.22"]
[SourceVersion "1"]
[SourceVersionDate "2013.04.22"]
[SourceQuality "1"]

1. Nf3 d5 2. c4 e6 3. e3 c5 4. d4 Nc6 5. Nc3 Nf6 6. a3 cxd4 7. exd4 dxc4 8. Bxc4 Be7 9. 0-0 0-0 10. Re1 a6 11. Ba2 b5 12. d5 Nxd5 13. Nxd5 exd5 14. Qxd5 Bb7 15. Qh5 Qd6 16. Bg5 Rad8 17. Bxe7 Nxe7 18. Ng5 Qg6 19. Qxh7+ Qxh7 20. Nxh7 Kxh7 21. Rxe7 Bd5 22. Bb1+ g6 23. Bc2 Rc8 24. Bd3 Rfd8 25. Rae1 Be6 26. R1xe6 Rc1+ 27. Bf1 Rdd1 28. g3 Rxf1+ 29. Kg2 Rg1+ 30. Kf3 Kg7 31. Rxa6 Rc5 32. g4 Rc4 33. Raa7 Rgxg4 34. Rxf7+ Kh6 35. h3 Rge4 36. Kg3 b4 37. f4 1-0